Biblioteca

Septuaginta (Registro nro. 31695)

Detalles MARC
000 -LÍDER
Campo fijo de descripción fija 007370000a22002530004500
001 - NÚMERO DE CONTROL
Campo de control 158
003 - IDENTIFICADOR DEL NÚMERO DE CONTROL
Campo de control CO-MdFUSB
005 - FECHA Y HORA DE LA ULTIMA TRANSACCIÓN
control field 20170719092813.0
008 - ELEMENTOS DE LONGITUD FIJA -- INFORMACIÓN GENERAL
Campo fijo de descripción fija -- Información general 160531t19351979-ge f |||| 00| 0 g d
020 ## - NÚMERO INTERNACIONAL NORMALIZADO PARA LIBROS
Número Internacional Normalizado del libro 3-43805121-4
040 ## - FUENTE DE CATALOGACIÓN
Agencia de catalogación original CO-MdFUSB
Idioma de catalogación Español
Agencia que realiza la transcripción CO-MdFUSB
Agencia que realiza la modificación CO-MdFUSB
Convenciones de la descripción rda
041 0# - CÓDIGO DE IDIOMA
Código de idioma para texto/pista de sonido o título separado eng
082 04 - NÚMERO DE CLASIFICACIÓN DECIMAL DEWEY
Número de clasificación G 221.48 R1474t
245 10 - TÍTULO
Título del Material Septuaginta
Parte restante del título - Subtitulo : Id est Vetus Testamentum greace iuxta LXX interpretes
Mención de responsabilidad, etc. / Alfred Rahlfs, Editor
250 ## - MENCIÓN DE EDICIÓN
Mención de edición 21
264 #4 - PRODUCCIÓN, PUBLICACIÓN, DISTRIBUCIÓN, MANUFACTURA, Y COPYRIGHT
Lugar de producción, publicación, distribución, manufactura Stuttgart, Germany:
Nombre del productor, publicador, distribuidor Deutsche Bibelgesellschaft Stuttgart,
Fecha de producción, publicación, distribución, manufactura, o copyright ©1935-1979
300 ## - DESCRIPCIÓN FÍSICA
Extensión 941 Pag.
336 ## - TIPO DE CONTENIDO
Fuente rdacontent
Término de tipo de contenido
Código de tipo de contenido
337 ## - TIPO DE MEDIO
Fuente rdamedia
Nombre del tipo de medio
Código del tipo de medio
338 ## - TIPO DE SOPORTE
Fuente rdacarrier
Nombre del tipo de soporte
Código Tipo de soporte
505 ## - NOTA DE CONTENIDO
Nota de contenido con formato preestablecido Septuaginta
653 ## - TÉRMINO DE INDIZACIÓN - NO CONTROLADO
Término no controlado Septuaginta
942 ## - TIPO DE MATERIAL (KOHA)
Tipo de Item KOHA Libros General
Existencias
Estado de Material Estado de Perdido Forma de Clasificación Estado de Dañado No para Préstamo Colección Tomo Biblioteca de Origen Biblioteca Permanente Fecha de Adquisición Total de Préstamos Total de Renovaciones Signatura Topográfica Código de Barras Última vez visto Última vez Préstado Ejemplar/Existencia Fecha de Remplazo Tipo de Material
    Dewey Decimal Classification     Colección General   Biblioteca FUSBC Biblioteca FUSBC 31/08/2004 7 2 G 221.48 R1474t 8265 15/02/2023 29/10/2021 Ej. 2 26/01/2016 Libros General
    Dewey Decimal Classification     Colección General   Biblioteca FUSBC Biblioteca FUSBC 15/05/2019 3   G 221.48 R1474t 1514 14/03/2025 12/03/2025 Ej. 1 26/01/2016 Libros General

Biblioteca FUSBC | Teléfono: (57+4) 349 88 10 Ext. 141| WhatsApp (+57) 3005338115 
E-mail: biblioteca@unisbc.edu.co | Calle 76 87-14 Robledo Palenque, Medellín, Colombia

Con tecnología Koha